Synthesis and polymerization of surface-active and polymerizable sodium acrylamidoalkanoates /
Saved in:
| Main Author: | |
|---|---|
| Format: | Thesis Book |
| Language: | English |
| Published: |
1990.
|
| Subjects: | |
| Tags: |
Add Tag
No Tags, Be the first to tag this record!
|
| LEADER | 00901cam a2200265 a 4500 | ||
|---|---|---|---|
| 001 | u149013 | ||
| 003 | SIRSI | ||
| 008 | 920324s1990 si v 00 1 eng m | ||
| 035 | |a AAR-4806 | ||
| 040 | |a UMM | ||
| 090 | |a QD412 |b N2Yeo | ||
| 100 | 1 | 0 | |a Yeoh, Kim-Weng. |
| 245 | 1 | 0 | |a Synthesis and polymerization of surface-active and polymerizable sodium acrylamidoalkanoates / |c Yeoh Kim-Weng. |
| 260 | |c 1990. | ||
| 300 | |a xxii, 235 leaves : |b ill. ; |c 30 cm. | ||
| 500 | |a Photocopy. | ||
| 502 | |a Thesis (Ph.D.) -- National University of Singapore, 1990. | ||
| 504 | |a Includes bibliographical references. | ||
| 650 | 0 | |a Sodium acrylamidoalkanoates. | |
| 650 | 0 | |a Organosodium compounds |x Synthesis | |
| 650 | 0 | |a Polymerization. | |
| 650 | 0 | |a Surface active agents |x Synthesis. | |
| 948 | |a 24/03/1992 |b 29/10/2002 | ||
| 596 | |a 1 | ||
| 999 | |a F QD412 N2YEO |w LC |c 1 |i A011065653 |l STACKS |m P01UTAMA |r Y |s Y |t TESIS |u 3/4/1992 | ||
